000 00283nam a2200121 a 4500
008 100920s1966|||| d
245 1 0 _aPošta na juh
100 1 _ade Saint-Exupéry, Antoine
260 _bTatran
_aBratislava
_c1966
020 _c8
044 _axo
_cSK
041 _aslo
999 _c10516
_d10516